| 000 | 02887nam a2200637 c 4500 | ||
|---|---|---|---|
| 001 | 1947585193 | ||
| 003 | DE-627 | ||
| 005 | 20260310163440.0 | ||
| 007 | cr uuu---uuuuu | ||
| 008 | 251226s2024 gw |||||o 00| ||ger c | ||
| 020 |
_a9783646711844 _cEPUB |
||
| 024 | 7 |
_aurn:nbn:de:gbv:18-epflicht-304952 _2urn |
|
| 035 | _a(DE-627)1947585193 | ||
| 035 | _a(DE-599)KEP122318668 | ||
| 035 | _a(EPFHH-CARLSEN)9783646711844_9783646711844 | ||
| 035 | _a(EPFHH)c60e09e0-872a-4e46-a3ae-128b630b873c | ||
| 035 | _a(DE-627-1)122318668 | ||
| 040 |
_aDE-627 _bger _cDE-627 _erda |
||
| 041 |
_ager _hjpn |
||
| 044 | _cXA-DE-HH | ||
| 072 | 7 |
_a9182 _2wsb |
|
| 082 | 0 | 4 |
_a741.5 _qDE-576 |
| 245 | 0 | 0 |
_aMy Genderless Boyfriend 5 _bHumorvoller Manga ab 14 über das Aufbrechen von Geschlechterklischees _cTamekou, Anne Klink |
| 250 | _a1. Auflage | ||
| 264 | 1 |
_aHamburg _bHayabusa _c2024 |
|
| 300 |
_a1 Online-Ressource (176 S.) _bIllustrationen |
||
| 336 |
_aText _btxt _2rdacontent |
||
| 337 |
_aComputermedien _bc _2rdamedia |
||
| 338 |
_aOnline-Ressource _bcr _2rdacarrier |
||
| 490 | 0 |
_aMy Genderless Boyfriend _v5 |
|
| 520 | _aEinzigartige Liebesgeschichte über Influencer Meguru und seine große Liebe Wako! Für Meguru und Sasame wird es aufregend, denn das Filmdebüt mit ihnen in den Hauptrollen ist nun endlich im TV zu sehen! Wako ist wie immer Megurus größter Fan, der vor der Kamera eine Glanzleistung hinlegt. Doch der Film wird für die beiden »Unicorn Boys« zum Anlass, neue Wege einzuschlagen. Und auch für Wako tut sich überraschend eine berufliche Chance auf. Während die Zukunft der »Unicorn Boys« ungewiss ist, wird sich Meguru immer klarer über seine Wünsche und Ziele… Weitere Informationen: - Abgeschlossen in 5 Bänden Dies ist der Abschlussband des stylishen Feelgood-Mangas über ein bezauberndes Pärchen, das sich über alle Geschlechterklischees hinwegsetzt! | ||
| 583 | 1 |
_aArchivierung/Langzeitarchivierung gewährleistet _fPEHH _kDE-576 _2pdager _5DE-18 |
|
| 650 | 4 | _aGender | |
| 650 | 4 | _agender manga für jugendliche | |
| 650 | 4 | _aLGBT für Teenager | |
| 650 | 4 | _ahayabusa LGBTQ | |
| 650 | 4 | _aqueer Bücher deutsch | |
| 650 | 4 | _algbtq bücher deutsch | |
| 650 | 4 | _aManga Love Story | |
| 650 | 4 | _amanga gender bender | |
| 650 | 4 | _ajapanische mode | |
| 650 | 4 | _akawaii style | |
| 650 | 4 | _aManga Buch | |
| 650 | 4 | _agenderbender | |
| 650 | 4 | _atokyo style | |
| 650 | 4 | _aharajuku fashion | |
| 650 | 4 | _aanime bücher zum lesen | |
| 650 | 4 | _ajapanische Leserichtung | |
| 700 | 0 |
_aTamekou _eVerfasserIn _4aut |
|
| 700 | 1 |
_aKlink, Anne _eÜbersetzerIn _4trl |
|
| 776 | 1 | _z9783551622907 | |
| 776 | 0 | 8 |
_iErscheint auch als _nDruck-Ausgabe _z9783551622907 |
| 856 | 4 | 0 |
_uhttps://nbn-resolving.org/urn:nbn:de:gbv:18-epflicht-304952 _mX:EPF _zlizenzpflichtig _71 |
| 942 |
_2ddc _cMGA _n0 |
||
| 951 | _aBO | ||
| 999 |
_c1535 _d1535 |
||